MARC

LEADER 00000nam0a2200000 4500
001 275862
005 20231101234851.0
035 |a (RuTPU)RU\TPU\book\299115 
090 |a 275862 
100 |a 20141117d1985 k y0rusy50 ca 
101 0 |a rus 
102 |a UA 
105 |a a z 000zy 
200 1 |a Эксплуатация мощных энергоблоков  |f под ред. А. А. Мадояна 
210 |a Киев  |c Технiка  |d 1985 
215 |a 126 с.  |c ил. 
606 1 |a Тепловые электрические станции  |2 stltpush  |3 (RuTPU)RU\TPU\subj\59626  |9 77109 
610 1 |a энергоблоки 
610 1 |a эксплуатация 
610 1 |a оборудование 
610 1 |a надежность 
610 1 |a автоматика 
610 1 |a вычислительная техника 
610 1 |a средства контроля 
675 |a 621.311.22.002.5  |v 3 
702 1 |a Мадоян  |b А. А.  |4 340 
801 1 |a RU  |b 63413507  |c 20141117 
801 2 |a RU  |b 63413507  |c 20151110  |g RCR 
942 |c BK